Bhāgavr̥tti-saṅkalanam. (Record no. 67684)

MARC details
000 -LEADER
fixed length control field 00672cam a22002411 4500
001 - CONTROL NUMBER
control field sa 66001273
003 - CONTROL NUMBER IDENTIFIER
control field DLC
005 - DATE AND TIME OF LATEST TRANSACTION
control field 20260227112220.0
008 - FIXED-LENGTH DATA ELEMENTS--GENERAL INFORMATION
fixed length control field 900216s1964 ii b 000 0 sano
010 ## - LIBRARY OF CONGRESS CONTROL NUMBER
LC control number sa 66001273
035 ## - SYSTEM CONTROL NUMBER
System control number (OCoLC)21074818
040 ## - CATALOGING SOURCE
Original cataloging agency DLC
Transcribing agency WaU
Modifying agency DLC
042 ## - AUTHENTICATION CODE
Authentication code premarc
050 00 - LIBRARY OF CONGRESS CALL NUMBER
Classification number PK513
Item number .V5 1964
100 0# - MAIN ENTRY--PERSONAL NAME
Personal name Vimalamati,
Dates associated with a name active 645-649.
245 10 - TITLE STATEMENT
Title Bhāgavr̥tti-saṅkalanam.
260 ## - PUBLICATION, DISTRIBUTION, ETC.
Date of publication, distribution, etc. [1964/65]
300 ## - PHYSICAL DESCRIPTION
Extent 7, 46 p. (p. 45-46 advertisements)
Dimensions 22 cm.
500 ## - GENERAL NOTE
General note In Sanskrit.
504 ## - BIBLIOGRAPHY, ETC. NOTE
Bibliography, etc. note Bibliographical footnotes.
600 00 - SUBJECT ADDED ENTRY--PERSONAL NAME
Personal name Pāṇini.
Title of a work Aṣṭādhyāyī.
700 0# - ADDED ENTRY--PERSONAL NAME
Personal name Yudhiṣṭhira Mīmāṃsaka,
Dates associated with a name 1909-

No items available.

Powered by Koha